000 00853cab a2200253 4500
001 ABS44899
008 090401t1991 xxu||||| |||| 00| 0 eng d
035 _a(Sirsi) u49790
041 _aeng
110 _aMarkham G.J.
_92580
245 _aExtensification
260 _c1991
350 _a0
490 _aFarm Management
_v7(10) Summer 1991, 495-499(3)
520 _aBriefly explains the objectives of extensification and outlines some existing UK schemes, before examining the requirements of a balanced comprehensive scheme and how agricultural policy and legislation can be changed to accommodate such a scheme.
650 _aDIVERSIFICATION
650 _aEnvironment
_96238
650 _aENVIRONMENTALLY SENSITIVE AREAS
650 _aFARMING
650 _aSET ASIDE
690 _aRURAL PRACTICE
942 _n0
948 _c04/03/1997
999 _c31179
_d31179